Phone Brands in 30 Seconds - Statistics

General Stats
  • This quiz has been taken 979 times
    716 since last reset
  • The average score is 4 of 10
Answer Stats
Rank Brand % Correct
#1 Samsung
95%
#2 Apple
94%
#10 Nokia
51%
#3 Huawei
42%
#4 Xiaomi
33%
#5 Oppo
32%
#7 Motorola
27%
#9 LG
19%
#6 Vivo
18%
#8 Lenovo
7%
No matching quizzes found
Score Distribution
Percent of People with Each Score
Percentile by Number Answered
Your Score History
You have not taken this quiz since the last reset